00621nam a2200205Ia 450000500170000000800410001702000140005804000190007204100120009108200170010310000180012024500750013826000390021330000140025250400500026663000310031665000170034765100410036485000100040520240201100501.0131103s9999 xx 000 0 und d a836400542 aLoreto College aEnglish a342.954bRAM aRaman, Sunder aFundamental rights and the 42nd constitutional amendmentcSunder Raman aCalcuttabMinerva Associatesc1977 ax,104 p.  aIncludes bibliographical references and index aIndia - Constitutional Law aConstitution aConstituional and Administrative Law aLCLIB